[Event "OSREDNJA SLOVENSKA LIGA 2024"]
[Site "Gostovanja"]
[Date "2024.09.12"]
[Round "1.1"]
[White "Markoja Jeraj, Sebastijan"]
[Black "Siraj, Anej"]
[Result "1-0"]
[WhiteElo "2227"]
[BlackElo "2075"]
[PlyCount "81"]
[EventDate "2024.09.12"]
[WhiteTeam "SK Dol pri Ljubljani"]
[BlackTeam "SD Vrhnika"]

1. e4 e5 2. Nf3 Nc6 3. Bb5 g6 4. d4 exd4 5. c3 a6 6. Bc4 b5 7. Bb3 Bg7 8. cxd4
Bb7 9. O-O Nge7 10. Re1 O-O 11. Nc3 h6 12. h4 Na5 13. Bc2 f5 14. a3 fxe4 15.
Nxe4 Nf5 16. h5 g5 17. Ne5 d6 18. Ng6 Rf7 19. Nxg5 hxg5 20. Bxf5 Qf6 21. Qg4
Nb3 22. Bxg5 Qxd4 23. Rad1 Qc5 24. Be3 Qc4 25. Qxc4 bxc4 26. Be6 d5 27. h6 Bxb2
28. Bf4 c3 29. Rd3 Nc5 30. Bxf7+ Kxf7 31. Ne5+ Kf6 32. Rh3 c2 33. h7 Rh8 34.
Rh6+ Kf5 35. Rh5+ Kf6 36. Ng4+ Kg6 37. Rg5+ Kf7 38. Nh6+ Kf6 39. Ng8+ Kf7 40.
Re7+ Kf8 41. Rf5+ 1-0

[Event "OSREDNJA SLOVENSKA LIGA 2024"]
[Site "Gostovanja"]
[Date "2024.09.12"]
[Round "1.1"]
[White "Siraj, Svit"]
[Black "Kampus, Andrej"]
[Result "0-1"]
[WhiteElo "2048"]
[BlackElo "1915"]
[PlyCount "60"]
[EventDate "2024.09.12"]
[WhiteTeam "SD Vrhnika"]
[BlackTeam "SK Dol pri Ljubljani"]

1. e4 d5 2. exd5 Nf6 3. Bb5+ Nbd7 4. c4 a6 5. Ba4 b5 6. cxb5 Nxd5 7. d4 e6 8.
Nf3 N5b6 9. Bb3 axb5 10. O-O Bb7 11. Re1 Be7 12. Nc3 b4 13. Ne4 O-O 14. Bg5
Bxe4 15. Rxe4 Bxg5 16. Nxg5 Qxg5 17. Rg4 Qe7 18. Qf3 Nf6 19. Rg5 Ne4 20. Rh5 g6
21. Rh6 Nd2 22. Qh3 Nxb3 23. Rxh7 Qf6 24. Rd1 Rxa2 25. g4 Ra1 26. Rxa1 Nxa1 27.
Qh6 Qxd4 28. h4 Nd5 29. h5 Nf4 30. Kh1 Qe4+ 0-1

[Event "OSREDNJA SLOVENSKA LIGA 2024"]
[Site "Gostovanja"]
[Date "2024.09.12"]
[Round "1.1"]
[White "Azinovic, Igor"]
[Black "Zlindra, Aljaz"]
[Result "1/2-1/2"]
[WhiteElo "1799"]
[BlackElo "1851"]
[PlyCount "93"]
[EventDate "2024.09.12"]
[WhiteTeam "SK Dol pri Ljubljani"]
[BlackTeam "SD Vrhnika"]

1. e4 c6 2. d4 d5 3. e5 Bf5 4. Nf3 e6 5. Be2 Nd7 6. O-O h6 7. c3 Ne7 8. Na3 Bg4
9. h3 Bxf3 10. Bxf3 Nf5 11. Nc2 Be7 12. Ne3 Nxe3 13. Bxe3 O-O 14. Qd3 c5 15.
Bd1 c4 16. Qe2 f5 17. exf6 Rxf6 18. Bc2 Bd6 19. Rad1 Nf8 20. f4 Qc7 21. Qg4 Qf7
22. f5 e5 23. dxe5 Bxe5 24. Rfe1 Nd7 25. Qf3 Rd6 26. Bf4 Bxf4 27. Qxf4 Qf6 28.
Re2 Rd8 29. Qd4 Qxd4+ 30. Rxd4 Nb8 31. Re7 Nc6 32. Rxb7 Nxd4 33. cxd4 Rb6 34.
Rxb6 axb6 35. Kf2 Re8 36. a4 Rb8 37. b4 Re8 38. g3 Kf7 39. g4 Kf6 40. h4 Re7
41. Bb1 c3 42. Bc2 Re8 43. b5 Re7 44. Bb1 Rc7 45. Bc2 Re7 46. Bb1 Re8 47. Bc2
1/2-1/2

[Event "OSREDNJA SLOVENSKA LIGA 2024"]
[Site "Gostovanja"]
[Date "2024.09.12"]
[Round "1.1"]
[White "Vodnik, Val"]
[Black "Kampus, Iva"]
[Result "1-0"]
[WhiteElo "1793"]
[BlackElo "1592"]
[PlyCount "105"]
[EventDate "2024.09.12"]
[WhiteTeam "SD Vrhnika"]
[BlackTeam "SK Dol pri Ljubljani"]

1. c4 e5 2. Nc3 Nc6 3. Nf3 g6 4. e3 Bg7 5. g3 d6 6. Bg2 f5 7. d4 Bd7 8. h4 h6
9. a3 Nf6 10. b4 e4 11. Ng1 Ne7 12. Bb2 c6 13. Nge2 Be6 14. c5 O-O 15. Qc2 Qc7
16. Bf1 b5 17. Nf4 Bf7 18. cxd6 Qxd6 19. Rc1 Rac8 20. Nb1 Ned5 21. Nd2 g5 22.
hxg5 hxg5 23. Ne2 Rfe8 24. Bh3 Bg6 25. Qb3 Kf8 26. Kd1 g4 27. Bg2 Bf7 28. Qc2
Nd7 29. Nc3 N5b6 30. Ke2 Nc4 31. Nxc4 Bxc4+ 32. Ke1 Qe6 33. Ne2 Nb6 34. Nf4 Qf7
35. Bf1 Bb3 36. Qc3 Red8 37. Ng6+ Ke8 38. Nf4 Na4 39. Qd2 a6 40. Be2 c5 41.
bxc5 Nxc5 42. Kf1 Na4 43. Kg2 Ke7 44. Qb4+ Ke8 45. Nh5 Bh6 46. Nf6+ Qxf6 47.
Qxb3 Nxb2 48. Qxb2 Bf8 49. Bxb5+ axb5 50. Qxb5+ Kf7 51. Qb7+ Qe7 52. Rh7+ Bg7
53. Rxg7+ 1-0

[Event "OSREDNJA SLOVENSKA LIGA 2024"]
[Site "Gostovanja"]
[Date "2024.09.12"]
[Round "1.2"]
[White "Veskovic, Dzemal"]
[Black "Bratko, Ivan"]
[Result "0-1"]
[WhiteElo "1895"]
[BlackElo "2159"]
[PlyCount "120"]
[EventDate "2024.09.12"]
[WhiteTeam "SD Menges - Trzin"]
[BlackTeam "Drustvo KPSRD Karel Jeraj"]

1. e4 c5 2. Nf3 e6 3. c4 Nc6 4. Nc3 d6 5. Be2 Nf6 6. O-O Nd4 7. d3 Be7 8. Nxd4
cxd4 9. Nb1 e5 10. Bg5 O-O 11. Bxf6 Bxf6 12. Bg4 Bg5 13. Bxc8 Qxc8 14. a4 f5
15. Na3 fxe4 16. dxe4 Rf4 17. Qe2 Qc6 18. f3 Rf6 19. Nc2 Rc8 20. b3 a5 21. Rab1
Qc7 22. Rbd1 Qd7 23. Rd3 Bf4 24. g3 Rg6 25. Qg2 Rf8 26. g4 Qe7 27. h3 Rh6 28.
Kf2 Qh4+ 29. Ke2 Qxh3 30. Qxh3 Rxh3 31. Rf2 Bg3 32. Rg2 Bh4 33. Na3 Rh1 34. Nb5
Re1+ 35. Kd2 Ra1 36. Re2 Rf6 37. Kc2 Rf1 38. Rh2 Bg3 39. Rh3 Rf2+ 40. Kd1 Bf4
41. Rh5 g6 42. Rh3 Be3 43. Nc7 R2xf3 44. Rxf3 Rxf3 45. Nd5 Kg7 46. Ke2 Rg3 47.
Kd1 Kf7 48. Kc2 Rg2+ 49. Kd1 Rg3 50. Kc2 Rg2+ 51. Kd1 Rxg4 52. Nxe3 Rg3 53. Rd2
Rxe3 54. Kc2 Rxe4 55. Rh2 h5 56. b4 axb4 57. Kb3 d3 58. Rd2 Rd4 59. Kxb4 h4 60.
Kb5 e4 0-1

[Event "OSREDNJA SLOVENSKA LIGA 2024"]
[Site "Gostovanja"]
[Date "2024.09.12"]
[Round "1.2"]
[White "Butala, Marjan"]
[Black "Jukan, Nesib"]
[Result "1/2-1/2"]
[WhiteElo "1940"]
[BlackElo "1930"]
[PlyCount "59"]
[EventDate "2024.09.12"]
[WhiteTeam "Drustvo KPSRD Karel Jeraj"]
[BlackTeam "SD Menges - Trzin"]

1. e4 e5 2. Nf3 Nf6 3. Nxe5 d6 4. Nf3 Nxe4 5. d4 d5 6. Bd3 Be7 7. O-O Nc6 8. c3
O-O 9. Nbd2 Nxd2 10. Bxd2 Bg4 11. h3 Bh5 12. Re1 Bf6 13. Bf4 Bg6 14. Qc2 Qd7
15. Ne5 Bxe5 16. Bxe5 Nxe5 17. Rxe5 Rfe8 18. Bxg6 hxg6 19. Rae1 Rxe5 20. Rxe5
Re8 21. Qe2 Rxe5 22. Qxe5 f6 23. Qf4 Kf7 24. g4 Qe7 25. Kf1 c6 26. g5 Qd7 27.
Kg2 Qe7 28. Kf1 a6 29. Kg2 Qe2 30. Kg3 1/2-1/2

[Event "OSREDNJA SLOVENSKA LIGA 2024"]
[Site "Gostovanja"]
[Date "2024.09.12"]
[Round "1.2"]
[White "Simicak, Metod"]
[Black "Mlacnik, Janez"]
[Result "1-0"]
[WhiteElo "1858"]
[BlackElo "1873"]
[PlyCount "50"]
[EventDate "2024.09.12"]
[WhiteTeam "SD Menges - Trzin"]
[BlackTeam "Drustvo KPSRD Karel Jeraj"]

1. e4 e6 2. d4 d5 3. Bd3 c5 4. dxc5 Bxc5 5. exd5 exd5 6. Qf3 Nc6 7. Nc3 Be6 8.
Nge2 Nf6 9. Bb5 Kf8 10. Qg3 Ng4 11. O-O g6 12. h3 Bd6 13. f4 Qb6+ 14. Kh1 h5
15. a4 a6 16. a5 Qa7 17. Bd3 Ne7 18. b3 Rc8 19. Ba3 Bb8 20. Na4 Qe3 21. Qxe3
Nxe3 22. f5 Nxf1 23. Rxf1 Rc6 24. fxe6 Rxe6 25. Bc5 Rc6 1-0

[Event "OSREDNJA SLOVENSKA LIGA 2024"]
[Site "Gostovanja"]
[Date "2024.09.12"]
[Round "1.2"]
[White "Cizman, Gregor"]
[Black "Ocepek, Marjan"]
[Result "1/2-1/2"]
[WhiteElo "1683"]
[BlackElo "1758"]
[PlyCount "48"]
[EventDate "2024.09.12"]
[WhiteTeam "Drustvo KPSRD Karel Jeraj"]
[BlackTeam "SD Menges - Trzin"]

1. d4 Nf6 2. Nf3 g6 3. c3 Bg7 4. Bf4 O-O 5. h3 d6 6. e3 c6 7. Nbd2 Nbd7 8. Be2
Qc7 9. O-O e5 10. dxe5 dxe5 11. Bh2 b5 12. Qc2 a6 13. a3 Re8 14. Rfd1 Qb6 15.
Ne4 Nxe4 16. Qxe4 Nc5 17. Qb1 Bf5 18. Qa2 Rad8 19. Rxd8 Qxd8 20. Rd1 Qe7 21. b4
Ne4 22. Qb3 Kh8 23. Nd2 Ng5 24. Nf3 Ne4 1/2-1/2

[Event "OSREDNJA SLOVENSKA LIGA 2024"]
[Site "Gostovanja"]
[Date "2024.09.12"]
[Round "1.3"]
[White "Babarovic, Fran"]
[Black "Zidar, Jernej"]
[Result "0-1"]
[WhiteElo "1786"]
[BlackElo "2055"]
[PlyCount "102"]
[EventDate "2024.09.12"]
[WhiteTeam "SK Komenda Pogi"]
[BlackTeam "SK Komenda Popotnik"]

1. e4 c5 2. Nf3 d6 3. d4 Nf6 4. Nc3 cxd4 5. Nxd4 a6 6. Be3 e5 7. Nb3 Be6 8. f3
Be7 9. Qd2 h5 10. Nd5 Nxd5 11. exd5 Bf5 12. Bd3 Bxd3 13. Qxd3 Nd7 14. O-O O-O
15. Kh1 Bg5 16. Nd2 f5 17. c4 Rb8 18. b4 Bxe3 19. Qxe3 Qe7 20. Nb3 Rfc8 21.
Rac1 b6 22. a4 Qh4 23. f4 Nf6 24. g3 Qxh2+ 25. Kxh2 Ng4+ 26. Kg1 Nxe3 27. Rf3
Nxc4 28. fxe5 Nxe5 29. Rxc8+ Rxc8 30. Rxf5 Rc4 31. b5 axb5 32. axb5 Rb4 33. Nd2
Rxb5 34. Kg2 Rb2 35. Rf2 Ng4 36. Re2 b5 37. Kf1 Ne3+ 38. Ke1 Nxd5 39. Re6 Nb6
40. Rxd6 Nc4 41. Rd8+ Kh7 42. Ne4 b4 43. Rc8 Ne3 44. Rc6 g6 45. Ng5+ Kh6 46.
Nf3 Rg2 47. Nh4 Rxg3 48. Kf2 Rg4 49. Nf3 Nc4 50. Nh2 Rd4 51. Nf3 Rf4 0-1

[Event "OSREDNJA SLOVENSKA LIGA 2024"]
[Site "Gostovanja"]
[Date "2024.09.12"]
[Round "1.3"]
[White "Juhant, Igor"]
[Black "Macek, Inti"]
[Result "1-0"]
[WhiteElo "1985"]
[BlackElo "1750"]
[PlyCount "119"]
[EventDate "2024.09.12"]
[WhiteTeam "SK Komenda Popotnik"]
[BlackTeam "SK Komenda Pogi"]

1. e4 e5 2. Nc3 Nc6 3. f4 d6 4. Nf3 exf4 5. d4 Bg4 6. Bxf4 Bxf3 7. gxf3 Nf6 8.
Bb5 Nd7 9. Qd2 g6 10. O-O-O a6 11. Bc4 Nb6 12. Bb3 Bg7 13. Be3 Qd7 14. d5 Na5
15. Bd4 Nxb3+ 16. axb3 Bxd4 17. Qxd4 O-O-O 18. f4 Rhe8 19. Rhe1 Kb8 20. e5 Re7
21. exd6 Qxd6 22. Rxe7 Qxe7 23. Qe5 Qd6 24. Rd3 f6 25. Qxd6 Rxd6 26. Kd2 f5 27.
Ke3 Kc8 28. Kd4 Kd8 29. Rh3 h5 30. Re3 Nd7 31. Na4 Nf6 32. c4 Ng4 33. Re2 b6
34. b4 Nf6 35. Nc3 c6 36. c5 bxc5+ 37. bxc5 Rd7 38. d6 Rf7 39. Rg2 Rg7 40. b4
Nd7 41. Nd1 Ke8 42. Ne3 Kf7 43. Ra2 Nb8 44. Nc4 Kf6 45. Ne5 Rb7 46. Kc4 g5 47.
d7 Nxd7 48. Nxc6 gxf4 49. Rxa6 Ne5+ 50. Nxe5+ Kxe5 51. b5 f3 52. c6 f2 53. Ra1
Rc7 54. Rf1 Ke4 55. Rxf2 f4 56. Kc5 Ke3 57. Rf1 f3 58. b6 Rc8 59. b7 Rg8 60. c7
1-0

[Event "OSREDNJA SLOVENSKA LIGA 2024"]
[Site "Gostovanja"]
[Date "2024.09.12"]
[Round "1.4"]
[White "Bohorc, Edo"]
[Black "Marinko, Peter"]
[Result "1/2-1/2"]
[WhiteElo "2007"]
[BlackElo "2074"]
[PlyCount "121"]
[EventDate "2024.09.12"]
[WhiteTeam "SD Crni graben"]
[BlackTeam "SK Ljubljana"]

1. e4 d6 2. d4 Nf6 3. Nc3 g6 4. Nf3 Bg7 5. h3 O-O 6. Bc4 Nxe4 7. Nxe4 d5 8. Bd3
dxe4 9. Bxe4 c5 10. c3 cxd4 11. Nxd4 Qb6 12. Qb3 Bxd4 13. cxd4 Qxb3 14. axb3
Rd8 15. Be3 Rd6 16. O-O e6 17. Rfc1 Nc6 18. Bxc6 Rxc6 19. Rxc6 bxc6 20. Rc1 Bd7
21. b4 Rb8 22. Ra1 Rb7 23. Bd2 Kf8 24. Kf1 Ke7 25. h4 f6 26. Ke2 h5 27. f3 Kd6
28. Ra5 Bc8 29. Bc3 Rf7 30. g3 Rb7 31. f4 Kc7 32. Ke3 Kb6 33. Rc5 Rb8 34. Ke4
Ba6 35. Ke3 Bb5 36. Kd2 Bf1 37. Ke1 Bg2 38. Kf2 Bd5 39. Ke3 Rg8 40. Kf2 g5 41.
hxg5 fxg5 42. Bd2 h4 43. fxg5 h3 44. Kg1 Bf3 45. Kh2 Rd8 46. Re5 Bg4 47. g6 Kb7
48. Be3 Bf5 49. g7 Rg8 50. Bh6 a6 51. Re1 Kb6 52. Rg1 Bg4 53. Rf1 e5 54. Rf8
Be6 55. Rxg8 Bxg8 56. dxe5 Kb5 57. Kxh3 c5 58. Kg4 cxb4 59. Kf5 Kc6 60. Kf6 Kd7
61. Bd2 1/2-1/2

[Event "OSREDNJA SLOVENSKA LIGA 2024"]
[Site "Gostovanja"]
[Date "2024.09.12"]
[Round "1.4"]
[White "Srebrnic, Vojko"]
[Black "Skok, Boris"]
[Result "1-0"]
[WhiteElo "2074"]
[BlackElo "1956"]
[PlyCount "105"]
[EventDate "2024.09.12"]
[WhiteTeam "SK Ljubljana"]
[BlackTeam "SD Crni graben"]

1. Nf3 Nf6 2. d4 d5 3. Bf4 Bf5 4. e3 e6 5. c4 Bxb1 6. Qa4+ Qd7 7. Qxd7+ Nbxd7
8. Rxb1 Bb4+ 9. Ke2 Ne4 10. Rc1 c6 11. Ng5 Nef6 12. a3 Be7 13. Nf3 dxc4 14.
Rxc4 Nb6 15. Rc2 Nbd5 16. Bg3 O-O 17. Ne5 Ne4 18. Nd3 Rfd8 19. f3 Nxg3+ 20.
hxg3 Rac8 21. Kf2 Bf6 22. Be2 Rc7 23. Rhc1 Re7 24. f4 g6 25. Bf3 Red7 26. Nc5
Rc7 27. b4 a5 28. Bxd5 exd5 29. bxa5 Ra8 30. a6 bxa6 31. Rb1 Be7 32. a4 a5 33.
Rb6 Bd8 34. Rb7 Rxb7 35. Nxb7 Be7 36. Rxc6 Bb4 37. Nc5 Re8 38. g4 h6 39. Rc7
Re6 40. Kf3 Kg7 41. Nd3 Bd2 42. Ke2 Bb4 43. Nxb4 axb4 44. Rb7 Rc6 45. Rxb4 Rc2+
46. Kf3 Ra2 47. Rb5 Rxa4 48. Rxd5 Rb4 49. Ra5 Kf8 50. g5 h5 51. g4 h4 52. Ra1
Rb1 53. Rxb1 1-0

[Event "OSREDNJA SLOVENSKA LIGA 2024"]
[Site "Gostovanja"]
[Date "2024.09.12"]
[Round "1.4"]
[White "Osolin, Bogdan"]
[Black "Markus, David"]
[Result "1/2-1/2"]
[WhiteElo "1941"]
[BlackElo "1771"]
[PlyCount "61"]
[EventDate "2024.09.12"]
[WhiteTeam "SD Crni graben"]
[BlackTeam "SK Ljubljana"]

1. e4 c5 2. d4 cxd4 3. c3 d3 4. Bxd3 Nc6 5. Qe2 d6 6. f4 e5 7. Nf3 Nf6 8. O-O
Be7 9. Rd1 Qc7 10. Na3 a6 11. Be3 b5 12. h3 h5 13. Nc2 Bb7 14. a4 O-O 15. Ng5
bxa4 16. Rxa4 a5 17. f5 Qc8 18. Qf2 Ba6 19. c4 Nb4 20. Nxb4 axb4 21. b3 Bb7 22.
Rda1 Qc6 23. Qd2 Rfb8 24. Ba7 Re8 25. Kh1 Nd7 26. Bc2 Nc5 27. Bxc5 dxc5 28.
Rxa8 Rxa8 29. Rxa8+ Bxa8 30. Nf3 Qd6 31. Qxd6 1/2-1/2

[Event "OSREDNJA SLOVENSKA LIGA 2024"]
[Site "Gostovanja"]
[Date "2024.09.12"]
[Round "1.4"]
[White "Juvan, Vid"]
[Black "Hribar, Janez"]
[Result "1-0"]
[WhiteElo "1730"]
[BlackElo "1907"]
[PlyCount "57"]
[EventDate "2024.09.12"]
[WhiteTeam "SK Ljubljana"]
[BlackTeam "SD Crni graben"]

1. e4 Nf6 2. e5 Nd5 3. c4 Nb6 4. d4 d6 5. f4 dxe5 6. fxe5 Nc6 7. Be3 Bf5 8. Nc3
e6 9. Nf3 Be7 10. Be2 O-O 11. O-O f6 12. Qe1 Nb4 13. Qg3 Kh8 14. Rad1 c6 15.
Nh4 Bc2 16. Rd2 f5 17. Nf3 Be4 18. Nxe4 fxe4 19. Ng5 Rxf1+ 20. Bxf1 Bxg5 21.
Bxg5 Qe8 22. a3 Na6 23. Qh4 Qg6 24. Be3 Rf8 25. Rf2 Kg8 26. Rxf8+ Kxf8 27. g3
Ke8 28. b3 c5 29. Bg2 1-0

[Event "OSREDNJA SLOVENSKA LIGA 2024"]
[Site "Gostovanja"]
[Date "2024.09.12"]
[Round "1.5"]
[White "Plaskan, Jure"]
[Black "Sajovic, Marko"]
[Result "1-0"]
[WhiteElo "2239"]
[BlackElo "2190"]
[PlyCount "71"]
[EventDate "2024.09.12"]
[WhiteTeam "SD Domzale"]
[BlackTeam "SK Medvode"]

1. e4 d5 2. exd5 Qxd5 3. Nc3 Qd6 4. d4 c6 5. g3 Nf6 6. Bg2 Bg4 7. Nge2 e6 8.
O-O Qc7 9. h3 Bh5 10. Bf4 Bd6 11. Qd2 Nbd7 12. Rfe1 O-O 13. Bxd6 Qxd6 14. Nf4
Bg6 15. Rad1 Nb6 16. Nxg6 hxg6 17. Ne2 a5 18. Nf4 Nbd5 19. Nd3 b5 20. c3 Nd7
21. Qe2 a4 22. a3 Rac8 23. h4 Rfe8 24. Ne5 Nxe5 25. dxe5 Qc5 26. h5 gxh5 27.
Qxh5 g6 28. Qg4 Kg7 29. Rd4 Rh8 30. c4 Nb6 31. cxb5 cxb5 32. Qf4 Rh5 33. g4
Rhh8 34. Qf6+ Kg8 35. Red1 Qc7 36. Rd8+ 1-0

[Event "OSREDNJA SLOVENSKA LIGA 2024"]
[Site "Gostovanja"]
[Date "2024.09.12"]
[Round "1.5"]
[White "Porenta, Matija"]
[Black "Faganel, Kaja"]
[Result "0-1"]
[WhiteElo "1885"]
[BlackElo "1746"]
[PlyCount "116"]
[EventDate "2024.09.12"]
[WhiteTeam "SK Medvode"]
[BlackTeam "SD Domzale"]

1. e4 c5 2. Nf3 e6 3. d4 cxd4 4. Nxd4 a6 5. a3 d6 6. c4 Nf6 7. Nc3 Be7 8. Be2
Qc7 9. Be3 b6 10. Rc1 Bb7 11. f3 Nbd7 12. b4 Rc8 13. O-O O-O 14. Qd2 Qb8 15.
Rfd1 Bd8 16. Bf1 Bc7 17. g3 Rfe8 18. Qf2 Qa8 19. Nb3 Ne5 20. h3 d5 21. cxd5
exd5 22. exd5 Nxd5 23. Nxd5 Bxd5 24. Nd2 Nxf3+ 25. Nxf3 Bxf3 26. Rd7 Be5 27.
Bg2 Rxc1+ 28. Bxc1 Qc6 29. Rd1 Bxg2 30. Qxg2 Qc3 31. Kh2 h6 32. Rf1 Bxg3+ 33.
Qxg3 Re2+ 34. Rf2 Rxf2+ 35. Qxf2 Qxc1 36. Qxb6 Qxa3 37. Qd8+ Kh7 38. Qd6 Qb2+
39. Kh1 Qc1+ 40. Kh2 Qc2+ 41. Kh1 Qe4+ 42. Kh2 Qg6 43. Qc5 f5 44. b5 axb5 45.
Qxb5 Qg5 46. Qe5 h5 47. Qd6 h4 48. Qe5 Qg3+ 49. Qxg3 hxg3+ 50. Kxg3 g5 51. Kf3
Kg6 52. Kf2 Kf6 53. Kf3 Ke5 54. Ke3 f4+ 55. Kf3 Kf5 56. Kf2 Ke4 57. Ke2 f3+ 58.
Kf1 f2 0-1

[Event "OSREDNJA SLOVENSKA LIGA 2024"]
[Site "Gostovanja"]
[Date "2024.09.12"]
[Round "1.5"]
[White "Skube, Zan"]
[Black "Jese, Janez"]
[Result "1-0"]
[WhiteElo "1719"]
[BlackElo "1801"]
[PlyCount "61"]
[EventDate "2024.09.12"]
[WhiteTeam "SD Domzale"]
[BlackTeam "SK Medvode"]

1. e4 e5 2. Nf3 Nc6 3. Bb5 a6 4. Ba4 Nf6 5. O-O b5 6. Bb3 Be7 7. Re1 O-O 8. c3
d5 9. exd5 Nxd5 10. Nxe5 Nxe5 11. Rxe5 c6 12. d3 Bd6 13. Re1 Qh4 14. g3 Qh3 15.
Re4 Bd7 16. Nd2 Rae8 17. a4 g5 18. axb5 axb5 19. Rxe8 Rxe8 20. Ne4 Be7 21. Bxg5
f5 22. Bxe7 Rxe7 23. Nf6+ Kg7 24. Nxd5 cxd5 25. Bxd5 h5 26. Bg2 Qg4 27. Qxg4+
hxg4 28. h3 Kf6 29. hxg4 fxg4 30. Rf1 b4 31. Re1 1-0

[Event "OSREDNJA SLOVENSKA LIGA 2024"]
[Site "Gostovanja"]
[Date "2024.09.12"]
[Round "1.6"]
[White "Krupenko, Peter"]
[Black "Lanjscek, Miha"]
[Result "1-0"]
[WhiteElo "1946"]
[BlackElo "1857"]
[PlyCount "81"]
[EventDate "2024.09.12"]
[WhiteTeam "SK Trzin Buscotrade"]
[BlackTeam "SK Trzin"]

1. c4 c5 2. Nf3 Nf6 3. Nc3 d5 4. cxd5 Nxd5 5. g3 g6 6. Bg2 Bg7 7. O-O O-O 8. d4
Nxc3 9. bxc3 Qc7 10. Bf4 Qa5 11. Qb3 Qa6 12. Ne5 Nc6 13. Nxc6 bxc6 14. e3 Be6
15. Qc2 cxd4 16. cxd4 Rac8 17. Qc5 Rfe8 18. Rfc1 Bd7 19. Bf1 Qa4 20. Rc3 a5 21.
Ra3 Qb4 22. Rxa5 Qb2 23. Qc1 Qb4 24. Rc5 Bf8 25. Rc4 Qa5 26. e4 f6 27. Bd2 Qh5
28. a4 e5 29. dxe5 Rxe5 30. a5 f5 31. Bf4 Ree8 32. a6 fxe4 33. a7 c5 34. Qc2
Bc6 35. Qd1 Qf5 36. Be3 Red8 37. Qc2 Bd5 38. Rca4 Bc6 39. Ra6 Ba8 40. Bc4+ Bd5
41. a8=Q 1-0

[Event "OSREDNJA SLOVENSKA LIGA 2024"]
[Site "Gostovanja"]
[Date "2024.09.12"]
[Round "1.6"]
[White "Leben, Dusan"]
[Black "Raspor, Gregor"]
[Result "1/2-1/2"]
[WhiteElo "1876"]
[BlackElo "1978"]
[PlyCount "60"]
[EventDate "2024.09.12"]
[WhiteTeam "SK Trzin"]
[BlackTeam "SK Trzin Buscotrade"]

1. Nf3 d5 2. d4 Nf6 3. c4 e6 4. Nc3 Nbd7 5. e3 Be7 6. Be2 O-O 7. O-O b6 8. cxd5
exd5 9. Bd2 Bb7 10. a3 a6 11. Rc1 Bd6 12. b4 Ne4 13. Be1 Re8 14. Qb3 Ndf6 15.
Nd1 Qe7 16. Nb2 c5 17. dxc5 bxc5 18. bxc5 Nxc5 19. Qd1 Nfe4 20. a4 f5 21. g3
Nf6 22. Nd4 Qd7 23. Ba5 Rac8 24. Bb4 Nce4 25. Bxd6 Rxc1 26. Qxc1 Nxd6 27. Nd3
Rc8 28. Qb1 Nc4 29. Qa2 Ne4 30. Rc1 g6 1/2-1/2

[Event "OSREDNJA SLOVENSKA LIGA 2024"]
[Site "Gostovanja"]
[Date "2024.09.12"]
[Round "1.6"]
[White "Krumpak, Hinko"]
[Black "Konvalinka, Kostja"]
[Result "1-0"]
[WhiteElo "2002"]
[BlackElo "1766"]
[PlyCount "119"]
[EventDate "2024.09.12"]
[WhiteTeam "SK Trzin Buscotrade"]
[BlackTeam "SK Trzin"]

1. g3 d5 2. Bg2 c6 3. c4 Nf6 4. b3 e6 5. Bb2 Be7 6. Nf3 O-O 7. O-O Nbd7 8. d4
Re8 9. Nc3 Ne4 10. Nxe4 dxe4 11. Ne1 f5 12. f3 exf3 13. Nxf3 Nf6 14. Ne5 Bd6
15. Nd3 Ng4 16. Rf3 Qg5 17. Qc1 Qh5 18. h3 Nf6 19. Ne5 c5 20. Ba3 Ne4 21. g4
Qg5 22. Qxg5 Nxg5 23. Rd3 Ne4 24. Nf3 b6 25. Nd2 Bb7 26. Nxe4 Bxe4 27. Bxe4
fxe4 28. Rdd1 Rad8 29. dxc5 Bxc5+ 30. Bxc5 bxc5 31. Kf2 Rd4 32. Ke3 e5 33. Rf1
Re6 34. Rf5 g6 35. Rf2 Kg7 36. g5 a5 37. Raf1 Re7 38. Rf8 a4 39. Rb8 axb3 40.
axb3 Rdd7 41. Kxe4 Rd4+ 42. Ke3 Rdd7 43. Rff8 Rb7 44. Ke4 Rxb3 45. Rg8+ Kf7 46.
Rxb3 Kxg8 47. Kd5 Kf7 48. e4 Rd7+ 49. Kxc5 Rd4 50. Rb7+ Kg8 51. Rb8+ Kf7 52.
Rb7+ Kg8 53. Re7 Rxe4 54. Kb5 Re3 55. c5 Ra3 56. c6 Rb3+ 57. Kc4 Rb1 58. c7
Rc1+ 59. Kd5 e4 60. Re8+ 1-0

[Event "OSREDNJA SLOVENSKA LIGA 2024"]
[Site "Gostovanja"]
[Date "2024.09.12"]
[Round "1.6"]
[White "Banko, Franci"]
[Black "Borisek, Anze"]
[Result "0-1"]
[WhiteElo "1624"]
[BlackElo "1933"]
[PlyCount "90"]
[EventDate "2024.09.12"]
[WhiteTeam "SK Trzin"]
[BlackTeam "SK Trzin Buscotrade"]

1. e4 Nf6 2. Nc3 d5 3. e5 d4 4. exf6 dxc3 5. fxg7 cxd2+ 6. Qxd2 Qxd2+ 7. Bxd2
Bxg7 8. O-O-O Bf5 9. Bc4 Nd7 10. f4 e6 11. Nf3 O-O-O 12. Ng5 Rhf8 13. Bb4 c5
14. Ba5 b6 15. Ba6+ Kc7 16. Be1 h6 17. Nf3 Nb8 18. Rxd8 Rxd8 19. Be2 Nc6 20.
Bh4 Rd7 21. h3 Nd4 22. Nxd4 Bxd4 23. Kb1 Be3 24. Rd1 Rxd1+ 25. Bxd1 Bxf4 26.
Bf3 Kd6 27. g4 Bg6 28. b3 Ke5 29. Bf2 Be4 30. Be2 Bg2 31. h4 Ke4 32. c4 Bf3 33.
Bxf3+ Kxf3 34. Be1 Ke2 35. Bc3 Kd1 36. Bf6 e5 37. g5 hxg5 38. hxg5 e4 39. a4 e3
40. a5 e2 41. Bc3 Bd2 42. axb6 Bxc3 43. bxa7 e1=Q 44. a8=Q Kd2+ 45. Ka2 Qa1#
0-1

[Event "OSREDNJA SLOVENSKA LIGA 2024"]
[Site "Gostovanja"]
[Date "2024.09.12"]
[Round "1.7"]
[White "Pisek, Igor"]
[Black "Logar, Metod"]
[Result "1/2-1/2"]
[WhiteElo "1806"]
[BlackElo "2043"]
[PlyCount "105"]
[EventDate "2024.09.12"]
[WhiteTeam "SK Visnja gora - Sticna"]
[BlackTeam "Drustvo Tomo Zupan"]

1. e4 e5 2. Nf3 Nc6 3. Bb5 a6 4. Ba4 Nf6 5. d3 d6 6. Bg5 h6 7. Bh4 Bd7 8. c3
Be7 9. Nbd2 O-O 10. O-O b5 11. Bc2 Nh7 12. Bxe7 Nxe7 13. d4 Ng6 14. Re1 Qe7 15.
Nf1 Nf4 16. Ng3 Rfd8 17. Ne2 Qf6 18. Nxf4 Qxf4 19. Qc1 Qf6 20. Qe3 Bg4 21. Nd2
Nf8 22. Rf1 Ne6 23. dxe5 dxe5 24. f3 Qg5 25. Qxg5 hxg5 26. Nb3 Bh5 27. Rad1 g4
28. Kf2 gxf3 29. gxf3 Kf8 30. Rxd8+ Rxd8 31. Rd1 Rxd1 32. Bxd1 Ke7 33. Ke3 Kd6
34. Be2 c5 35. Nd2 f6 36. a4 Be8 37. axb5 axb5 38. Bd1 g6 39. Bb3 c4 40. Bc2
Nc5 41. f4 exf4+ 42. Kxf4 Bd7 43. h4 Ne6+ 44. Ke3 Be8 45. Nf3 Bf7 46. Nd4 Be8
47. Nxe6 Kxe6 48. Kf4 Bc6 49. b3 g5+ 50. hxg5 fxg5+ 51. Kxg5 cxb3 52. Bxb3+ Ke5
53. Bd1 1/2-1/2

[Event "OSREDNJA SLOVENSKA LIGA 2024"]
[Site "Gostovanja"]
[Date "2024.09.12"]
[Round "1.7"]
[White "Planinsek, Bojan"]
[Black "Jancigaj, Saso Valentin"]
[Result "0-1"]
[WhiteElo "1818"]
[BlackElo "1770"]
[PlyCount "104"]
[EventDate "2024.09.12"]
[WhiteTeam "Drustvo Tomo Zupan"]
[BlackTeam "SK Visnja gora - Sticna"]

1. e4 g6 2. d4 Bg7 3. Nf3 d6 4. g3 Bg4 5. Bg2 Nc6 6. c3 Nf6 7. Qc2 e5 8. d5
Bxf3 9. Bxf3 Ne7 10. Bg5 h6 11. Be3 Qd7 12. Nd2 b5 13. a4 bxa4 14. Rxa4 c5 15.
O-O O-O 16. Rfa1 Rfb8 17. c4 Rb7 18. b3 Nc8 19. Qa2 Rab8 20. Ra6 Rb6 21. h4 Kh7
22. Kh2 R8b7 23. Bg2 Ng4+ 24. Kg1 Nxe3 25. fxe3 Qg4 26. Kf2 Qd7 27. Ra3 Qe7 28.
Bh3 f5 29. exf5 g5 30. hxg5 hxg5 31. e4 Bf6 32. Bg4 Qd8 33. Rh1+ Kg8 34. Qb1
Rg7 35. Rh6 Rbb7 36. Kg2 Rh7 37. Rxh7 Rxh7 38. Qd3 Qb6 39. Ra1 Qb4 40. Rh1 a5
41. Rxh7 Kxh7 42. Bh5 Ne7 43. Be8 Ng8 44. Kf3 Nh6 45. Ba4 g4+ 46. Kg2 Qa3 47.
Nf1 Bg5 48. Qb1 Qb4 49. Qd1 Qb6 50. Nh2 Kg7 51. Kg1 Kf6 52. Qe2 Qb4 {nejasno
(54)} 0-1

[Event "OSREDNJA SLOVENSKA LIGA 2024"]
[Site "Gostovanja"]
[Date "2024.09.12"]
[Round "1.7"]
[White "Miceli, Dario Edgardo"]
[Black "Mihajlovic, Patricija"]
[Result "0-1"]
[WhiteElo "1774"]
[BlackElo "1596"]
[PlyCount "56"]
[EventDate "2024.09.12"]
[WhiteTeam "SK Visnja gora - Sticna"]
[BlackTeam "Drustvo Tomo Zupan"]

1. d4 Nf6 2. Bg5 d5 3. Bxf6 exf6 4. e3 Be7 5. c4 O-O 6. Qb3 dxc4 7. Bxc4 f5 8.
Ne2 g6 9. Nbc3 Nd7 10. Nd5 Bg5 11. O-O c6 12. Ndc3 Nb6 13. Rfd1 Nxc4 14. Qxc4
Be6 15. Qd3 Qd6 16. Qc2 Rfd8 17. a3 a5 18. Na4 Bd5 19. Nb6 Be4 20. Qd2 Ra6 21.
Nc4 Qd5 22. Ne5 Bxg2 23. Nc3 Qxe5 24. dxe5 Rxd2 25. Rxd2 Bf3 26. Rd7 Kf8 27. b4
Ke8 28. e6 Be7 {nejasno(59)} 0-1